MARC details
| 000 -LEADER |
| fixed length control field |
03141cam a22005778i 4500 |
| 001 - CONTROL NUMBER |
| control field |
on1193558284 |
| 003 - CONTROL NUMBER IDENTIFIER |
| control field |
OCoLC |
| 005 - DATE AND TIME OF LATEST TRANSACTION |
| control field |
20250101070012.0 |
| 008 - FIXED-LENGTH DATA ELEMENTS--GENERAL INFORMATION |
| fixed length control field |
200825t20212022nju b 001 0 eng |
| 010 ## - LIBRARY OF CONGRESS CONTROL NUMBER |
| LC control number |
2020036338 |
| 015 ## - NATIONAL BIBLIOGRAPHY NUMBER |
| National bibliography number |
GBC179674 |
| Source |
bnb |
| 015 ## - NATIONAL BIBLIOGRAPHY NUMBER |
| National bibliography number |
GBC1G1468 |
| Source |
bnb |
| 016 7# - NATIONAL BIBLIOGRAPHIC AGENCY CONTROL NUMBER |
| Record control number |
020201697 |
| Source |
Uk |
| 016 7# - NATIONAL BIBLIOGRAPHIC AGENCY CONTROL NUMBER |
| Record control number |
020340440 |
| Source |
Uk |
| 020 ## - INTERNATIONAL STANDARD BOOK NUMBER |
| International Standard Book Number |
9780136971276 |
| Qualifying information |
(Paperback) |
| 020 ## - INTERNATIONAL STANDARD BOOK NUMBER |
| International Standard Book Number |
013697127X |
| 020 ## - INTERNATIONAL STANDARD BOOK NUMBER |
| Canceled/invalid ISBN |
9780136971665 |
| Qualifying information |
(eBook) |
| 020 ## - INTERNATIONAL STANDARD BOOK NUMBER |
| International Standard Book Number |
9781292403281 |
| Qualifying information |
(pbk.) |
| 020 ## - INTERNATIONAL STANDARD BOOK NUMBER |
| International Standard Book Number |
1292403284 |
| 020 ## - INTERNATIONAL STANDARD BOOK NUMBER |
| International Standard Book Number |
9781292403694 |
| Qualifying information |
(pbk.) |
| 020 ## - INTERNATIONAL STANDARD BOOK NUMBER |
| International Standard Book Number |
1292403691 |
| 035 ## - SYSTEM CONTROL NUMBER |
| System control number |
(OCoLC)1193558284 |
| 040 ## - CATALOGING SOURCE |
| Original cataloging agency |
DLC |
| Language of cataloging |
eng |
| Description conventions |
rda |
| Transcribing agency |
DLC |
| Modifying agency |
OCLCO |
| -- |
OCLCF |
| -- |
UKMGB |
| -- |
OCLCO |
| -- |
MEAUC |
| 042 ## - AUTHENTICATION CODE |
| Authentication code |
pcc |
| 049 ## - LOCAL HOLDINGS (OCLC) |
| Holding library |
MAIN |
| 050 00 - LIBRARY OF CONGRESS CALL NUMBER |
| Classification number |
T58.6 |
| Item number |
.L376 2021 |
| 082 00 - DEWEY DECIMAL CLASSIFICATION NUMBER |
| Classification number |
658.4038 L365 2022 |
| Edition number |
23 |
| 090 ## - LOCALLY ASSIGNED LC-TYPE CALL NUMBER (OCLC); LOCAL CALL NUMBER (RLIN) |
| Classification number (OCLC) (R) ; Classification number, CALL (RLIN) (NR) |
T58.6 |
| Local cutter number (OCLC) ; Book number/undivided call number, CALL (RLIN) |
.L376 2021 |
| 100 1# - MAIN ENTRY--PERSONAL NAME |
| Personal name |
Laudon, Kenneth C., |
| Dates associated with a name |
1944-2019 |
| Relator term |
author. |
| 245 10 - TITLE STATEMENT |
| Title |
Management information systems : |
| Remainder of title |
managing the digital firm / |
| Statement of responsibility, etc. |
Kenneth C. Laudon, New York University, Jane P. Laudon, Azimuth Information Systems. |
| 250 ## - EDITION STATEMENT |
| Edition statement |
Seventeenth Edition. |
| 263 ## - PROJECTED PUBLICATION DATE |
| Projected publication date |
2101. |
| 264 #1 - PRODUCTION, PUBLICATION, DISTRIBUTION, MANUFACTURE, AND COPYRIGHT NOTICE |
| Place of production, publication, distribution, manufacture |
Hoboken : |
| Name of producer, publisher, distributor, manufacturer |
Pearson, |
| Date of production, publication, distribution, manufacture, or copyright notice |
2021. |
| 264 #4 - PRODUCTION, PUBLICATION, DISTRIBUTION, MANUFACTURE, AND COPYRIGHT NOTICE |
| Date of production, publication, distribution, manufacture, or copyright notice |
© 2022. |
| 300 ## - PHYSICAL DESCRIPTION |
| Extent |
648 p , 29 cm |
| Other physical details |
illustrations (colour) ; |
| Dimensions |
28 cm. |
| 336 ## - CONTENT TYPE |
| Content type term |
text |
| Content type code |
txt |
| Source |
rdacontent. |
| 337 ## - MEDIA TYPE |
| Media type term |
unmediated |
| Media type code |
n |
| Source |
rdamedia. |
| 338 ## - CARRIER TYPE |
| Carrier type term |
volume |
| Carrier type code |
nc |
| Source |
rdacarrier. |
| 500 ## - GENERAL NOTE |
| General note |
Sixteenth edition published 2019. |
| 504 ## - BIBLIOGRAPHY, ETC. NOTE |
| Bibliography, etc. note |
Includes bibliographical references and index. |
| 505 0# - FORMATTED CONTENTS NOTE |
| Formatted contents note |
PART 1. Organizations, Management, and the Networked Enterprise -- Information Systems in Global Business Today -- Global E business and Collaboration -- Information Systems, Organizations, and Strategy -- Ethical and Social Issues in Information Systems -- PART 2. Information Technology Infrastructure -- IT Infrastructure and Emerging Technologies -- Foundations of Business Intelligence: Databases and Information Management -- Telecommunications, the Internet, and Wireless Technology -- Securing Information Systems -- PART 3. Key System Applications for the Digital Age -- Achieving Operational Excellence and Customer Intimacy: Enterprise Applications -- E commerce: Digital Markets, Digital Goods -- Managing Knowledge and Artificial Intelligence -- Enhancing Decision Making -- PART 4. Building and Managing Systems -- Building Information Systems -- Managing Projects -- Managing Global Systems. |
| 520 ## - SUMMARY, ETC. |
| Summary, etc. |
"Management Information Systems, 17th edition has been thoroughly updated to cover the latest industry and technology changes that impact the course"-- |
| Assigning source |
Provided by publisher. |
| 650 #0 - SUBJECT ADDED ENTRY--TOPICAL TERM |
| Topical term or geographic name entry element |
Management information systems. |
| 650 #0 - SUBJECT ADDED ENTRY--TOPICAL TERM |
| Topical term or geographic name entry element |
Management information systems |
| General subdivision |
Study and teaching. |
| 650 #6 - SUBJECT ADDED ENTRY--TOPICAL TERM |
| Topical term or geographic name entry element |
Systèmes d'information de gestion. |
| Authority record control number or standard number |
(CaQQLa)201-0033707. |
| 650 #6 - SUBJECT ADDED ENTRY--TOPICAL TERM |
| Topical term or geographic name entry element |
Systèmes d'information de gestion |
| Authority record control number or standard number |
(CaQQLa)201-0033707 |
| General subdivision |
Étude et enseignement. |
| Authority record control number or standard number |
(CaQQLa)201-0374473. |
| 650 #7 - SUBJECT ADDED ENTRY--TOPICAL TERM |
| Topical term or geographic name entry element |
Management information systems |
| Source of heading or term |
fast |
| Authority record control number or standard number |
(OCoLC)fst01007271. |
| 650 #7 - SUBJECT ADDED ENTRY--TOPICAL TERM |
| Topical term or geographic name entry element |
Management information systems |
| General subdivision |
Study and teaching |
| Source of heading or term |
fast |
| Authority record control number or standard number |
(OCoLC)fst01007294. |
| 700 1# - ADDED ENTRY--PERSONAL NAME |
| Personal name |
Laudon, Jane P. |
| Fuller form of name |
(Jane Price), |
| Relator term |
author. |
| 942 ## - ADDED ENTRY ELEMENTS (KOHA) |
| Source of classification or shelving scheme |
Dewey Decimal Classification |
| Koha item type |
English Book |
| Suppress in OPAC |
No |